000 00809nam a2200241 i 4500
005 20210818182044.0
008 970829s1985 ck gr 000 f spa d
020 _a8482809008
_q(Obra completa)
020 _a8482809776
040 _aCOMFC
_bspa
_erda
100 1 _aChesterton, Gilbert Keith,
_d1874-1936
_eaut
245 1 3 _aEl hombre que fue jueves
_cGilbert Keith Chesterton ; traducción Alfonso Reyes
264 0 1 _aBogotá
_bEditorial Oveja Negra
_c1984
300 _a147 páginas
_c21 cm
336 _2rdacontent
_atxt
337 _2rdamedia
_an
338 _2rdacarrier
_anc
490 _aBest Sellers
_v77
_953226
700 1 _953282
_aReyes, Alfonso
_etrl
082 0 4 _a823.912
_bC525h
650 1 4 _aNovela inglesa
_ySiglo XX
942 _2ddc
_h823.912 C525h
_k823.912
_mC525h
999 _c14022
_d14022